Statistiche per Quiz sulla Serie A - N°10

Clicka qui per fare il quiz!

Statistiche generali

  • Questo quiz è stato fatto 22 volte
  • Il punteggio medio è 7 su 15

Statistiche sulle risposte

DomandaRisposta% Corretto
Al termine di quale campionato la Roma si è piazzata al terzo posto per l'ultima volta?2017-2018
70%
Quale tra queste squadre non è stata allenata da Luciano Spalletti?Lecce
65%
Al termine di quale stagione a girone unico si verificò l'unico spareggio per assegnare lo Scudetto?1963-1964
60%
Quale tra queste squadre è retrocessa più volte dalla Serie A?Ascoli (5)
55%
Quale squadra detiene il record del maggior numero di vittorie consecutive senza subire gol?Juventus 2017-2018 (9)
55%
Da quale stagione la Fiorentina è ininterrottamente in Serie A?2004-2005
50%
Quale squadra detiene il record per la migliore differenza reti in un campionato a 20 squadre?Milan 1949-1950 (+73)
50%
Quale squadra detiene il record di imbattibilità esterna durato ben 38 giornate?Milan (1991-1992 / 1993-1994)
50%
Chi ha segnato il maggior numero di gol di testa in una singola stagione?Oliver Bierhoff (15)
40%
Quale trio di giocatori ha lo stesso numero di gol segnati in Serie A (188)?Signori - Del Piero - Gilardino
40%
Al termine di quante stagioni il Napoli si è piazzato al terzo posto?11
25%
Chi è il più anziano marcatore in Serie A della storia del Cagliari?Gianfranco Zola (38 anni e 328 giorni)
25%
Quale di queste squadra ha avuto il miglior attacco al termine del maggior numero di campionati?Inter (21)
25%
Quale calciatore detiene il record del maggior numero di presenze in Serie A con la stessa squadra?Paolo Maldini (647)
25%
A quanti campionati di Serie A a girone unico ha partecipato la SPAL?19
15%

Distribuzione punteggi

Percentile per numero di risposta

Percentuale di utenti per punteggio

I tuoi punteggi nel tempo

Non hai fatto questo quiz